[Event "World Rapid 2015"]
[Site "Berlin GER"]
[Date "2015.10.10"]
[Round "2.68"]
[White "Milanovic, Danilo"]
[Black "Bruedigam, Martin"]
[Result "1-0"]
[WhiteElo "2469"]
[BlackElo "2375"]
[PlyCount "131"]
[EventDate "2015.10.10"]
[EventType "rapid"]

1. d4 Nf6 2. c4 e6 3. Nc3 Bb4 4. e3 O-O 5. Bd3 c5 6. Nge2 d5 7. cxd5 cxd4 8.
exd4 Nxd5 9. O-O Nc6 10. Qc2 g6 11. Bh6 Re8 12. Rad1 Be7 13. Be4 Bf6 14. Rfe1
Bh8 15. Qc1 Nce7 16. Bg5 Nf6 17. Bf3 Qa5 18. Ng3 Ned5 19. Nge4 Nxe4 20. Nxe4
Bd7 21. Nd6 Reb8 22. Bf4 Qxa2 23. Be5 f6 24. Bg3 Bg7 25. Rd3 Qa5 26. Nc4 Qb5
27. Bxb8 Rxb8 28. b3 Qb4 29. Bxd5 exd5 30. Ne3 Rc8 31. Qd2 Qb5 32. Rc3 Bc6 33.
Rc5 Qxb3 34. Nxd5 Rd8 35. Ne7+ Kh8 36. Nxc6 bxc6 37. Rxc6 Qb7 38. d5 Kg8 39.
Rd1 f5 40. g3 Bf8 41. Qe2 a5 42. Qe6+ Qf7 43. Qxf7+ Kxf7 44. Ra6 Bb4 45. Ra7+
Kf6 46. Rxh7 Ke5 47. Ra7 Rxd5 48. Rc1 Rd6 49. Kg2 Kf6 50. h4 Re6 51. Rc2 Rb6
52. f3 Rd6 53. g4 fxg4 54. fxg4 Rd4 55. Rf2+ Ke5 56. Kg3 Rd3+ 57. Rf3 Rd1 58.
h5 gxh5 59. gxh5 Rg1+ 60. Kh2 Rg8 61. h6 Kd5 62. h7 Rh8 63. Kg3 Kc4 64. Kg4 Kb5
65. Rf5+ Kb6 66. Rg7 1-0

[Event "World Rapid 2015"]
[Site "Berlin GER"]
[Date "2015.10.10"]
[Round "2.69"]
[White "Valdes Romero, Leonardo"]
[Black "Pavlovic, Milos"]
[Result "1-0"]
[WhiteElo "2362"]
[BlackElo "2481"]
[PlyCount "79"]
[EventDate "2015.10.10"]
[EventType "rapid"]

1. Nf3 Nf6 2. g3 g6 3. Bg2 Bg7 4. O-O O-O 5. c4 d6 6. Nc3 Nc6 7. d3 e5 8. Rb1
a5 9. a3 Nd4 10. Nd2 c6 11. b4 axb4 12. axb4 d5 13. b5 Be6 14. bxc6 bxc6 15.
Bb2 h5 16. e3 Nf5 17. Ne2 Ng4 18. e4 Nd4 19. Bxd4 exd4 20. exd5 cxd5 21. Nf4
Ra2 22. Bxd5 Bf5 23. Nb3 Bh6 24. Nc1 Ra5 25. Nce2 h4 26. Nxd4 hxg3 27. fxg3 Ra2
28. Nxf5 gxf5 29. h3 Qa5 30. hxg4 Rd2 31. Qf3 Bg7 32. Qe3 Qa2 33. Rbd1 Rxd1 34.
Rxd1 Qc2 35. Qd2 Bd4+ 36. Kg2 Qa4 37. gxf5 Kg7 38. Qe2 Rh8 39. Nh5+ Kf8 40. f6
1-0

[Event "World Rapid 2015"]
[Site "Berlin GER"]
[Date "2015.10.10"]
[Round "2.70"]
[White "Bluebaum, Matthias"]
[Black "Camacho Collados, Jose"]
[Result "1-0"]
[WhiteElo "2588"]
[BlackElo "2383"]
[PlyCount "81"]
[EventDate "2015.10.10"]
[EventType "rapid"]

1. d4 Nf6 2. c4 b6 3. Nc3 Bb7 4. Qc2 g6 5. e4 d6 6. Nf3 Bg7 7. Be2 O-O 8. O-O
Nbd7 9. Rd1 c5 10. d5 a6 11. a4 Qc7 12. Bf4 Ng4 13. Nd2 Nge5 14. Be3 Nf6 15. h3
e6 16. Rab1 exd5 17. cxd5 Rfe8 18. Re1 Rac8 19. f4 Ned7 20. Nc4 Rcd8 21. Bf3
Qb8 22. Bf2 Nh5 23. Bxh5 gxh5 24. Qd1 Nf6 25. Nxb6 Bc8 26. a5 Kh8 27. Bh4 Re7
28. Qf3 Rg8 29. Nxc8 Rxc8 30. e5 Ng8 31. Bxe7 Nxe7 32. Qxh5 Ng6 33. Ne4 Nxf4
34. Qf5 Bxe5 35. Ng5 Bd4+ 36. Kh1 Ng6 37. Qxf7 Bg7 38. Ne6 Rg8 39. Nxg7 Rf8 40.
Re8 Qxe8 41. Qxe8 1-0

[Event "World Rapid 2015"]
[Site "Berlin GER"]
[Date "2015.10.10"]
[Round "2.71"]
[White "Olafsson, Helgi"]
[Black "Carstensen, Jacob"]
[Result "0-1"]
[WhiteElo "2549"]
[BlackElo "2352"]
[PlyCount "64"]
[EventDate "2015.10.10"]
[EventType "rapid"]

1. Nf3 d5 2. d4 Nf6 3. c4 e6 4. g3 dxc4 5. Bg2 Nc6 6. Qa4 Bb4+ 7. Bd2 Nd5 8.
Qb5 Bxd2+ 9. Nbxd2 c3 10. bxc3 Nxc3 11. Qc5 Nd5 12. O-O Qe7 13. Qc2 O-O 14.
Rab1 Ndb4 15. Qc4 a5 16. Rfc1 Rd8 17. e3 e5 18. a3 Be6 19. Qf1 exd4 20. axb4
dxe3 21. fxe3 axb4 22. Qb5 Ba2 23. Rb2 Qxe3+ 24. Kh1 Qa3 25. Rcc2 b3 26. Nxb3
Rd1+ 27. Ng1 Bxb3 28. Qxb7 Qa1 29. h3 Rxg1+ 30. Kh2 Bxc2 31. Qxc6 Rxg2+ 32.
Qxg2 Bg6 0-1

[Event "World Rapid 2015"]
[Site "Berlin GER"]
[Date "2015.10.10"]
[Round "2.72"]
[White "Godena, Michele"]
[Black "Berend, Elvira"]
[Result "1/2-1/2"]
[WhiteElo "2513"]
[BlackElo "2370"]
[PlyCount "102"]
[EventDate "2015.10.10"]
[EventType "rapid"]

1. e4 e5 2. Nf3 Nc6 3. Nc3 Nf6 4. d4 exd4 5. Nxd4 Bb4 6. Nxc6 bxc6 7. Bd3 d5 8.
exd5 cxd5 9. O-O O-O 10. h3 c6 11. Qf3 Re8 12. Bf4 Bd6 13. Rfe1 Rxe1+ 14. Rxe1
Be6 15. Bg5 Be7 16. Ne2 Qa5 17. c3 h6 18. Bc1 Qd8 19. Nd4 Bd7 20. Nf5 Bxf5 21.
Qxf5 Bf8 22. Bf4 Bd6 23. Be3 Qd7 24. Bd4 Qxf5 25. Bxf5 a5 26. Bxf6 gxf6 27. Bd7
c5 28. Bc6 Rb8 29. b3 d4 30. c4 Kf8 31. Kf1 Rc8 32. Bb5 Kg7 33. Ke2 Rc7 34. Kd3
f5 35. Re8 Re7 36. Rd8 Bh2 37. Rd5 Re5 38. g3 Kf6 39. Bd7 Rxd5 40. cxd5 Bg1 41.
Ke2 d3+ 42. Kxd3 Bxf2 43. g4 fxg4 44. hxg4 Ke5 45. Kc4 Kd6 46. Be8 f6 47. Bg6
Be1 48. Bf5 Bd2 49. Be6 Be1 50. a4 Bd2 51. Kd3 Be1 1/2-1/2

[Event "World Rapid 2015"]
[Site "Berlin GER"]
[Date "2015.10.10"]
[Round "2.73"]
[White "Hjartarson, Johann"]
[Black "Choukri, Adel"]
[Result "1-0"]
[WhiteElo "2529"]
[BlackElo "2199"]
[PlyCount "73"]
[EventDate "2015.10.10"]
[EventType "rapid"]

1. e4 e6 2. d4 d5 3. Nc3 Bb4 4. e5 c5 5. a3 Bxc3+ 6. bxc3 Ne7 7. h4 b6 8. h5 h6
9. a4 Qc7 10. Nf3 Ba6 11. Bxa6 Nxa6 12. Qd3 cxd4 13. O-O Nc5 14. Qb5+ Nd7 15.
cxd4 a6 16. Qd3 O-O 17. Ba3 Rfe8 18. Rfc1 Qc4 19. Qxc4 dxc4 20. Nd2 Rac8 21.
Ne4 Nf5 22. c3 Rc6 23. Rab1 f6 24. f4 Ne3 25. Kf2 Nd5 26. Kf3 f5 27. Nd6 Ra8
28. Rc2 Kh7 29. Rg1 b5 30. g4 fxg4+ 31. Rxg4 bxa4 32. f5 Rf8 33. Rcg2 Rxd6 34.
Rxg7+ Kh8 35. f6 Nxe5+ 36. dxe5 Rdd8 37. f7 1-0

[Event "World Rapid 2015"]
[Site "Berlin GER"]
[Date "2015.10.10"]
[Round "2.74"]
[White "Papin, Vasily"]
[Black "Osmanodja, Filiz"]
[Result "1-0"]
[WhiteElo "2502"]
[BlackElo "2291"]
[PlyCount "61"]
[EventDate "2015.10.10"]
[EventType "rapid"]

1. c4 e5 2. g3 Nf6 3. Bg2 h6 4. a3 d5 5. cxd5 Nxd5 6. Nf3 Nc6 7. O-O Be6 8. d4
e4 9. Ne5 Nxe5 10. dxe5 e3 11. f4 g6 12. Qb3 Nb6 13. Qxe3 Nc4 14. Qc3 c6 15. b3
Na5 16. Nd2 Qb6+ 17. e3 Bc5 18. Ne4 Nxb3 19. Rb1 Nxc1 20. Rfxc1 Bxe3+ 21. Kh1
Qd4 22. Nd6+ Kf8 23. Qxd4 Bxd4 24. Rxb7 Kg7 25. Rxc6 Rab8 26. Rcc7 Bb6 27.
Rxf7+ Bxf7 28. Rxf7+ Kg8 29. Bd5 Rd8 30. Rxa7+ Kf8 31. Rf7+ 1-0

[Event "World Rapid 2015"]
[Site "Berlin GER"]
[Date "2015.10.10"]
[Round "2.75"]
[White "Carlstedt, Jonathan"]
[Black "Ehlvest, Jaan"]
[Result "0-1"]
[WhiteElo "2442"]
[BlackElo "2535"]
[PlyCount "108"]
[EventDate "2015.10.10"]
[EventType "rapid"]

1. c4 b6 2. Nc3 Bb7 3. e4 e5 4. Nf3 Nc6 5. Be2 Bc5 6. O-O d6 7. a3 a5 8. d3
Nge7 9. Be3 O-O 10. Nd5 Qd7 11. Nh4 Nxd5 12. cxd5 Nd4 13. Bg4 Qd8 14. g3 a4 15.
Rc1 g6 16. Bh6 Re8 17. Nf3 Nb3 18. Rc3 c6 19. dxc6 Bxc6 20. Ng5 Ra7 21. h4 Nd4
22. Kh2 f6 23. Nf3 f5 24. exf5 gxf5 25. Bh5 Bxf3 26. Bxf3 Nxf3+ 27. Qxf3 Qf6
28. Bg5 Qe6 29. Qh5 Rg7 30. Rc2 Rg6 31. Re2 Rf8 32. Be3 Qd5 33. Rd1 f4 34. Bxc5
bxc5 35. Red2 Qd4 36. Qe2 fxg3+ 37. fxg3 Rgf6 38. Qe4 Rf2+ 39. Kh3 Rxd2 40.
Rxd2 Kg7 41. h5 Rf6 42. Rg2 d5 43. Qxd4 exd4 44. Kg4 c4 45. Rd2 c3 46. Rc2 Rc6
47. Kf4 Kf6 48. g4 h6 49. Kf3 Kg5 50. Kg3 cxb2 51. Rxb2 Rc3 52. Rd2 Rxa3 53.
Rd1 Rb3 54. Kf3 a3 0-1

[Event "World Rapid 2015"]
[Site "Berlin GER"]
[Date "2015.10.10"]
[Round "2.76"]
[White "Shabalov, Alexander"]
[Black "Thornton, Giovanni Antonio"]
[Result "1-0"]
[WhiteElo "2522"]
[BlackElo "2207"]
[PlyCount "68"]
[EventDate "2015.10.10"]
[EventType "rapid"]

1. Nf3 Nf6 2. c4 b6 3. Nc3 Bb7 4. g3 e6 5. Bg2 Be7 6. O-O O-O 7. Re1 d5 8. cxd5
exd5 9. d4 Nbd7 10. Bf4 c5 11. dxc5 bxc5 12. Nh4 Nb6 13. Nf5 Re8 14. Nb5 Qd7
15. Nbd6 Red8 16. a4 Bxd6 17. Nxd6 Bc6 18. a5 Nc8 19. Nc4 Bb5 20. Ne3 Bc6 21.
Rc1 c4 22. Nxc4 Bb5 23. Ne5 Qe8 24. Qd4 Nd6 25. Nd3 Nf5 26. Qb4 Rac8 27. Nc5 a6
28. Bh3 g6 29. Bxf5 gxf5 30. Bg5 Rc6 31. Qh4 Rdd6 32. Nb7 Re6 33. Rxc6 Qxc6 34.
Nd8 Qc5 1-0

[Event "World Rapid 2015"]
[Site "Berlin GER"]
[Date "2015.10.10"]
[Round "2.77"]
[White "Ben Artzi, Ido"]
[Black "Al-Sayed, Mohammed"]
[Result "1-0"]
[WhiteElo "2419"]
[BlackElo "2520"]
[PlyCount "69"]
[EventDate "2015.10.10"]
[EventType "rapid"]

1. d4 Nf6 2. c4 g6 3. Nc3 Bg7 4. e4 d6 5. f3 O-O 6. Be3 c5 7. Nge2 Nc6 8. d5
Ne5 9. Ng3 e6 10. Be2 exd5 11. cxd5 a6 12. a4 h5 13. O-O Nh7 14. Qd2 h4 15. Nh1
f5 16. exf5 gxf5 17. Nf2 Bd7 18. Nh3 Ng6 19. Nf4 Nxf4 20. Bxf4 Qf6 21. Bd3 Rfe8
22. Kh1 Kh8 23. a5 Nf8 24. Na4 Bb5 25. Bxb5 axb5 26. Nb6 Rad8 27. Bg5 Qxb2 28.
Qxb2 Bxb2 29. Rab1 Bc3 30. Bxd8 Rxd8 31. Rxb5 Ng6 32. Nc4 h3 33. gxh3 Nf4 34.
Rxb7 Ra8 35. Rfb1 1-0

[Event "World Rapid 2015"]
[Site "Berlin GER"]
[Date "2015.10.10"]
[Round "2.78"]
[White "Cordeiro, Marco Aurelio Zaror"]
[Black "Richter, Michael"]
[Result "0-1"]
[WhiteElo "2228"]
[BlackElo "2517"]
[PlyCount "198"]
[EventDate "2015.10.10"]
[EventType "rapid"]

1. e4 e6 2. d4 d5 3. Nd2 Nc6 4. Ngf3 Nf6 5. e5 Nd7 6. c3 f6 7. exf6 Qxf6 8. Bd3
Bd6 9. Nf1 O-O 10. Ng3 e5 11. dxe5 Ndxe5 12. Be2 d4 13. O-O d3 14. Bxd3 Nxf3+
15. Qxf3 Qxf3 16. gxf3 Ne5 17. Be4 Nxf3+ 18. Bxf3 Rxf3 19. Kg2 Rd3 20. Be3 Bd7
21. Rfd1 Bc6+ 22. Kg1 Rxd1+ 23. Rxd1 Rf8 24. a3 a5 25. b4 g6 26. Ne2 Bf3 27.
Rd2 axb4 28. cxb4 Bxe2 29. Rxe2 Ra8 30. Bc1 Kf7 31. Kg2 b5 32. Rc2 Re8 33. Be3
Re4 34. Bc5 Be5 35. f3 Re1 36. Bf2 Ra1 37. Bg3 Bd6 38. Bxd6 cxd6 39. Rc7+ Ke6
40. Rb7 Rxa3 41. Rxb5 d5 42. Rb7 Rb3 43. Rxh7 Rxb4 44. Kf2 Rb2+ 45. Ke3 Rb3+
46. Ke2 Ke5 47. Rg7 Kd4 48. Rxg6 Rb2+ 49. Kd1 Kd3 50. Ke1 Re2+ 51. Kf1 Rxh2 52.
f4 d4 53. Rd6 Rh4 54. f5 Rf4+ 55. Ke1 Rxf5 56. Ra6 Rc5 57. Kd1 Rc7 58. Ra3+ Rc3
59. Ra8 Rb3 60. Kc1 Ke2 61. Rh8 Rc3+ 62. Kb2 Rf3 63. Rh2+ Rf2 64. Rh8 Kd2 65.
Rh4 d3 66. Rh1 Re2 67. Rg1 Rh2 68. Kb3 Rf2 69. Kb2 Ke3+ 70. Kb3 Rf8 71. Rh1 d2
72. Kc2 Rc8+ 73. Kb2 Kf3 74. Rg1 Ke2 75. Rg2+ Ke1 76. Rg1+ Kf2 77. Rh1 Rh8 78.
Rxh8 d1=Q 79. Rf8+ Ke3 80. Re8+ Kf4 81. Rf8+ Ke5 82. Re8+ Kf6 83. Rf8+ Ke7 84.
Rc8 Kd7 85. Rc1 Qd2+ 86. Rc2 Qb4+ 87. Ka1 Kd6 88. Rb2 Qa3+ 89. Kb1 Qa4 90. Rd2+
Kc5 91. Rc2+ Kd4 92. Rd2+ Kc3 93. Rh2 Qb4+ 94. Ka1 Qa4+ 95. Kb1 Qb5+ 96. Ka1
Qa6+ 97. Kb1 Qb6+ 98. Ka2 Qa7+ 99. Kb1 Qf2 0-1

[Event "World Rapid 2015"]
[Site "Berlin GER"]
[Date "2015.10.10"]
[Round "3.5"]
[White "Nikolic, Predrag"]
[Black "Nguyen, Ngoc Truong Son"]
[Result "1/2-1/2"]
[WhiteElo "2603"]
[BlackElo "2634"]
[PlyCount "81"]
[EventDate "2015.10.10"]
[EventType "rapid"]

1. d4 Nf6 2. c4 g6 3. Nf3 Bg7 4. g3 c6 5. Bg2 d5 6. Nbd2 O-O 7. O-O a5 8. b3 a4
9. Bb2 Bf5 10. e3 Ne4 11. Nxe4 Bxe4 12. Qe2 Qb6 13. Nd2 Bxg2 14. Kxg2 Nd7 15.
Rfc1 Rfe8 16. Qd1 e6 17. Bc3 Qa6 18. Rab1 Reb8 19. Bb4 e5 20. cxd5 exd4 21.
exd4 cxd5 22. bxa4 Qxa4 23. Qxa4 Rxa4 24. Bd6 Rd8 25. Rxb7 Nf6 26. Be7 Re8 27.
Rcc7 Rxa2 28. Bb4 Bf8 29. Bc3 Ne4 30. Nxe4 dxe4 31. Rxf7 Rc2 32. Be1 e3 33.
Rfc7 Ra2 34. Ra7 Rd2 35. Ra1 Rxd4 36. fxe3 Rxe3 37. Rc8 Rde4 38. Bf2 Re8 39.
Raa8 Rxc8 40. Rxc8 Re5 41. g4 1/2-1/2

[Event "World Rapid 2015"]
[Site "Berlin GER"]
[Date "2015.10.10"]
[Round "3.6"]
[White "Dlugy, Maxim"]
[Black "Zhigalko, Sergei"]
[Result "1/2-1/2"]
[WhiteElo "2518"]
[BlackElo "2656"]
[PlyCount "62"]
[EventDate "2015.10.10"]
[EventType "rapid"]

1. d4 Nf6 2. Bf4 e6 3. e3 d5 4. Nd2 c5 5. c3 Nc6 6. Ngf3 Bd6 7. Bg3 O-O 8. Bd3
b6 9. Ne5 Bb7 10. O-O Rc8 11. f4 Ne7 12. Qf3 Nf5 13. Bf2 Be7 14. Ng4 Nxg4 15.
Qxg4 Nd6 16. Qh3 f5 17. Nf3 Bf6 18. Rae1 Bc6 19. Bh4 Bb5 20. Bxb5 Nxb5 21. Bxf6
Rxf6 22. Ne5 Nd6 23. Re2 cxd4 24. exd4 Ne4 25. Qd3 Rf8 26. Qa6 Rc7 27. a4 Qc8
28. Qb5 Rd8 29. a5 Nd6 30. Qb4 b5 31. h3 a6 1/2-1/2

[Event "World Rapid 2015"]
[Site "Berlin GER"]
[Date "2015.10.10"]
[Round "3.7"]
[White "Kryvoruchko, Yuriy"]
[Black "Bogdanovich, Stanislav"]
[Result "1-0"]
[WhiteElo "2710"]
[BlackElo "2590"]
[PlyCount "84"]
[EventDate "2015.10.10"]
[EventType "rapid"]

1. e4 e5 2. Nf3 Nc6 3. Bb5 g6 4. d4 exd4 5. c3 a6 6. Bc4 Nf6 7. Bg5 h6 8. Bxf6
Qxf6 9. cxd4 Bg7 10. e5 Qd8 11. Nc3 O-O 12. O-O d6 13. Re1 Bg4 14. e6 fxe6 15.
Bxe6+ Bxe6 16. Rxe6 Rxf3 17. gxf3 Qg5+ 18. Kh1 Nxd4 19. Re4 c5 20. Ne2 Rf8 21.
Nxd4 Bxd4 22. Qb3+ Kg7 23. Rg1 Qf6 24. Re6 Qxf3+ 25. Qxf3 Rxf3 26. Rexg6+ Kf8
27. Rxd6 Rxf2 28. Rb6 Bxb2 29. Rxb7 c4 30. Rd1 Ke8 31. Rg1 Kf8 32. Rg4 c3 33.
Rc4 Rf7 34. Rc8+ Kg7 35. Rxf7+ Kxf7 36. Kg2 Ke6 37. Kf3 Kd5 38. Ke3 a5 39. Kd3
a4 40. Rh8 Kc5 41. Rxh6 Kb4 42. Rh4+ Ka3 1-0

[Event "World Rapid 2015"]
[Site "Berlin GER"]
[Date "2015.10.10"]
[Round "3.8"]
[White "Bruzon Batista, Lazaro"]
[Black "Perunovic, Milos"]
[Result "1/2-1/2"]
[WhiteElo "2659"]
[BlackElo "2622"]
[PlyCount "61"]
[EventDate "2015.10.10"]
[EventType "rapid"]

1. Nf3 c5 2. e4 e6 3. c3 Nf6 4. Bd3 d5 5. e5 Nfd7 6. Bc2 c4 7. d4 cxd3 8. Qxd3
Nc6 9. Bf4 g6 10. O-O Bg7 11. Re1 h6 12. Bg3 g5 13. Qe2 g4 14. Nd4 Ncxe5 15.
Nd2 h5 16. f4 gxf3 17. N2xf3 Nxf3+ 18. Qxf3 Qf6 19. Qxd5 h4 20. Bd6 Nb6 21. Qe4
Bd7 22. Rf1 Qg5 23. Rae1 h3 24. g3 Rc8 25. Qf4 Qxf4 26. Rxf4 Nc4 27. Nf5 Bf8
28. Bxf8 Kxf8 29. Nh4 Rh6 30. b3 Na3 31. Be4 1/2-1/2

[Event "World Rapid 2015"]
[Site "Berlin GER"]
[Date "2015.10.10"]
[Round "3.12"]
[White "Aronian, Levon"]
[Black "Mamedov, Rauf"]
[Result "1/2-1/2"]
[WhiteElo "2784"]
[BlackElo "2657"]
[PlyCount "69"]
[EventDate "2015.10.10"]
[EventType "rapid"]

1. d4 Nf6 2. c4 g6 3. Nc3 Bg7 4. e4 d6 5. Nf3 O-O 6. h3 e5 7. d5 Nh5 8. g3 Na6
9. Nh2 Nc5 10. b4 Nd7 11. Rb1 a5 12. a3 axb4 13. axb4 f5 14. exf5 e4 15. Nb5
Ne5 16. g4 Qh4 17. Qc2 Bxf5 18. gxf5 Rxf5 19. Be3 Raf8 20. Ng4 Ng3 21. fxg3
Qxg3+ 22. Kd2 Nxg4 23. hxg4 Rf2+ 24. Bxf2 Rxf2+ 25. Be2 Rxe2+ 26. Kxe2 Qg2+ 27.
Kd1 Qxh1+ 28. Kd2 Qg2+ 29. Kc1 Qf1+ 30. Qd1 Qxc4+ 31. Qc2 Qf1+ 32. Kd2 Qf2+ 33.
Kd1 Qf1+ 34. Kd2 Qf2+ 35. Kd1 1/2-1/2

[Event "World Rapid 2015"]
[Site "Berlin GER"]
[Date "2015.10.10"]
[Round "3.25"]
[White "Mikhalevski, Victor"]
[Black "Matlakov, Maxim"]
[Result "1/2-1/2"]
[WhiteElo "2536"]
[BlackElo "2689"]
[PlyCount "115"]
[EventDate "2015.10.10"]
[EventType "rapid"]

1. c4 e5 2. g3 Nf6 3. Bg2 d5 4. cxd5 Nxd5 5. Nc3 Nb6 6. e3 Nc6 7. Nge2 Bd6 8.
O-O O-O 9. f4 f6 10. f5 Bd7 11. g4 Be8 12. Ng3 Bf7 13. d3 Be7 14. Qe2 Qd7 15.
Rd1 Rad8 16. Be4 Nb4 17. b3 c5 18. Bb2 a5 19. Rab1 a4 20. bxa4 Nxa4 21. a3 Nxc3
22. Bxc3 Nd5 23. Bb2 b5 24. g5 fxg5 25. Bxe5 Bf6 26. Bxf6 Nxf6 27. Bg2 Qa7 28.
Rxb5 Qxa3 29. e4 Rfe8 30. e5 Qa4 31. Rxc5 Qa7 32. Rdc1 Nd7 33. d4 Nxc5 34. dxc5
Qa3 35. Re1 Qxc5+ 36. Kh1 Bd5 37. e6 Bxg2+ 38. Kxg2 Rd4 39. Qh5 Qc6+ 40. Kg1
Rf4 41. Qf7+ Kh8 42. e7 h6 43. Re6 Qc5+ 44. Kh1 Qd5+ 45. Kg1 Qd4+ 46. Kh1 Qa1+
47. Kg2 Qa8+ 48. Kg1 Rh4 49. f6 Qa1+ 50. Kg2 Qa2+ 51. Ne2 Qd5+ 52. Kg1 Qc5+ 53.
Kf1 Qf5+ 54. Kg1 Qc5+ 55. Kg2 Qd5+ 56. Kg1 Qc5+ 57. Kg2 Qd5+ 58. Kg1 1/2-1/2

[Event "World Rapid 2015"]
[Site "Berlin GER"]
[Date "2015.10.10"]
[Round "3.26"]
[White "Alekseev, Evgeny"]
[Black "Kasimdzhanov, Rustam"]
[Result "0-1"]
[WhiteElo "2642"]
[BlackElo "2704"]
[PlyCount "88"]
[EventDate "2015.10.10"]
[EventType "rapid"]

1. e4 e5 2. Nf3 Nc6 3. Bb5 a6 4. Ba4 Nf6 5. d3 b5 6. Bb3 Bc5 7. c3 d6 8. Bg5
O-O 9. Nbd2 Be6 10. Bc2 Bb6 11. Nf1 h6 12. Bh4 g5 13. Bg3 Ne7 14. Ne3 Ng6 15.
d4 Re8 16. O-O Nh5 17. Re1 g4 18. Nd2 Nxg3 19. hxg3 exd4 20. cxd4 Bxd4 21. Nxg4
Bxb2 22. Nxh6+ Kg7 23. Rb1 Bc3 24. Nf5+ Kg8 25. Re3 b4 26. Ba4 Rf8 27. Nb3 Bxf5
28. exf5 Ne5 29. Nd4 Qf6 30. Ne2 Kg7 31. g4 Rh8 32. Nf4 Bd4 33. Rg3 Qh4 34. Kf1
c5 35. Ke2 Rhe8 36. Bxe8 Rxe8 37. Nh5+ Kf8 38. Kd2 Bxf2 39. Rh3 Qg5+ 40. Kc2
Bd4 41. Qc1 Qxg4 42. Qh6+ Ke7 43. Kb3 Qxf5 44. Re1 c4+ 0-1

[Event "World Rapid 2015"]
[Site "Berlin GER"]
[Date "2015.10.10"]
[Round "3.27"]
[White "Hirneise, Tobias"]
[Black "Meier, Georg"]
[Result "0-1"]
[WhiteElo "2457"]
[BlackElo "2654"]
[PlyCount "94"]
[EventDate "2015.10.10"]
[EventType "rapid"]

1. Nf3 d5 2. d4 Nf6 3. c4 e6 4. g3 Bb4+ 5. Bd2 Bd6 6. Nc3 O-O 7. Qc2 Nc6 8.
cxd5 exd5 9. Bg2 Bg4 10. e3 Qd7 11. O-O Rfe8 12. Qb3 Na5 13. Qb5 Nc4 14. Qxd7
Bxd7 15. Bc1 Bb4 16. Nd2 Nb6 17. a3 Bxc3 18. bxc3 Bb5 19. Re1 Bd3 20. a4 a5 21.
Nb3 Ne4 22. Nc5 Nxc5 23. dxc5 Nd7 24. Bxd5 Be4 25. c4 c6 26. Bxe4 Rxe4 27. Rd1
Nxc5 28. Ba3 Nxa4 29. Bb4 b5 30. Bxa5 Rxc4 31. Be1 Kf8 32. Rd7 Ke8 33. Rb7 Rd8
34. Kg2 h5 35. h3 Rd7 36. Rb8+ Rd8 37. Rb7 Rd7 38. Rb8+ Ke7 39. Rb1 f6 40. Rh8
Rd5 41. Ra8 Ke6 42. Ra7 Rd7 43. Ra8 Kf7 44. Kf3 Nc5 45. Kg2 Nd3 46. Rc8 b4 47.
Kf3 b3 0-1

[Event "World Rapid 2015"]
[Site "Berlin GER"]
[Date "2015.10.10"]
[Round "3.29"]
[White "Bocharov, Dmitry"]
[Black "Inarkiev, Ernesto"]
[Result "0-1"]
[WhiteElo "2560"]
[BlackElo "2660"]
[PlyCount "67"]
[EventDate "2015.10.10"]
[EventType "rapid"]

1. c4 e6 2. g3 d5 3. Bg2 Nf6 4. Nf3 dxc4 5. O-O a6 6. Qc2 Bd6 7. Qxc4 b5 8. Qc2
Bb7 9. a4 c5 10. Nc3 Qb6 11. axb5 axb5 12. Rxa8 Bxa8 13. d4 O-O 14. dxc5 Bxc5
15. Qb3 Ng4 16. e3 Bc6 17. h3 Nf6 18. Ne5 Bxg2 19. Kxg2 Nc6 20. Nf3 Rb8 21. Rd1
h6 22. Qc2 Bb4 23. Bd2 Qb7 24. Ne4 Nd5 25. Bxb4 Ncxb4 26. Qe2 Nc6 27. Nc5 Qa7
28. Rc1 Na5 29. e4 Nf6 30. b3 b4 31. Ne5 Rc8 32. Qe3 Rc7 33. Ned3 Nb7 34. Qd4
0-1

[Event "World Rapid 2015"]
[Site "Berlin GER"]
[Date "2015.10.10"]
[Round "3.32"]
[White "Jumabayev, Rinat"]
[Black "Ragger, Markus"]
[Result "1-0"]
[WhiteElo "2606"]
[BlackElo "2698"]
[PlyCount "151"]
[EventDate "2015.10.10"]
[EventType "rapid"]

1. d4 d5 2. c4 c6 3. Nf3 Nf6 4. Qb3 e6 5. Bg5 h6 6. Bh4 dxc4 7. Qxc4 b5 8. Qc2
Bb7 9. Nbd2 Nbd7 10. e3 Rc8 11. a4 b4 12. Nb3 c5 13. dxc5 Bxc5 14. Nxc5 Nxc5
15. Bb5+ Ke7 16. O-O a6 17. Be2 Qa5 18. Nd2 Nce4 19. Nc4 Qc5 20. f3 Nd6 21.
Rac1 Nxc4 22. Bf2 Qg5 23. h4 Nxe3 24. Qc7+ Rxc7 25. Rxc7+ Kd6 26. hxg5 Kxc7 27.
Rc1+ Kd7 28. gxf6 Nd5 29. fxg7 Rg8 30. Bd4 f6 31. Kf2 Rxg7 32. Rd1 e5 33. Be3
Ke6 34. Bxh6 Rc7 35. Rc1 Rxc1 36. Bxc1 a5 37. Bc4 Kd6 38. Bh6 Nb6 39. Bf8+ Kd7
40. Bb5+ Bc6 41. Bxc6+ Kxc6 42. b3 Nd5 43. g4 Kd7 44. Ke2 Nf4+ 45. Kd2 Ne6 46.
Bh6 Nd4 47. Kd3 Nxb3 48. Be3 Kc6 49. Kc4 Na1 50. Bh6 Nc2 51. Bg7 Ne3+ 52. Kd3
Nd5 53. Kc4 Kd6 54. Bf8+ Kc6 55. Bg7 Nb6+ 56. Kb3 Nd7 57. Kc4 Kd6 58. Bh6 Nb8
59. Bf8+ Ke6 60. Bh6 Nc6 61. Be3 Kd6 62. Bc5+ Kd7 63. Bb6 Ke6 64. Be3 f5 65.
gxf5+ Kxf5 66. Kb5 e4 67. fxe4+ Kxe4 68. Bc1 Kd5 69. Bb2 b3 70. Bc3 Nb4 71.
Kxa5 Kc4 72. Ba1 Nc2 73. Bb2 Na3 74. Bxa3 Kc3 75. Kb5 Kc2 76. Kc4 1-0

[Event "World Rapid 2015"]
[Site "Berlin GER"]
[Date "2015.10.10"]
[Round "3.34"]
[White "Vovk, Yuri"]
[Black "Dreev, Aleksey"]
[Result "1-0"]
[WhiteElo "2617"]
[BlackElo "2644"]
[PlyCount "101"]
[EventDate "2015.10.10"]
[EventType "rapid"]

1. d4 d5 2. c4 c6 3. Nf3 Nf6 4. Nc3 e6 5. Bg5 Nbd7 6. Qb3 h6 7. Bh4 Be7 8. e3
O-O 9. Rc1 b6 10. cxd5 exd5 11. Bd3 Bb7 12. O-O Ne4 13. Bg3 Nxg3 14. hxg3 Nf6
15. Rfd1 Rc8 16. Ne5 Bd6 17. Bf5 Rc7 18. e4 dxe4 19. Nxe4 Nxe4 20. Bxe4 Bxe5
21. dxe5 Qe7 22. Qe3 c5 23. Rd6 Bxe4 24. Qxe4 Re8 25. f4 b5 26. Qd5 Rec8 27.
Re1 Kh8 28. Kh2 Qe8 29. f5 c4 30. f6 Qf8 31. Qxb5 gxf6 32. Rxf6 Qg7 33. Qd5 c3
34. bxc3 Rxc3 35. Rf3 Rxf3 36. Qxf3 Re8 37. Qf5 Rg8 38. Qf4 Qg5 39. Re3 Qh5+
40. Kg1 Qd1+ 41. Kf2 Qc2+ 42. Re2 Qc5+ 43. Kf1 Kg7 44. Qf6+ Kf8 45. Rd2 Qc1+
46. Ke2 Qc4+ 47. Kd1 Qa4+ 48. Ke1 Qb4 49. e6 Qb1+ 50. Kf2 Qb6+ 51. Rd4 1-0

[Event "World Rapid 2015"]
[Site "Berlin GER"]
[Date "2015.10.10"]
[Round "3.35"]
[White "Guseinov, Gadir"]
[Black "Milanovic, Danilo"]
[Result "1-0"]
[WhiteElo "2634"]
[BlackElo "2469"]
[PlyCount "135"]
[EventDate "2015.10.10"]
[EventType "rapid"]

1. e4 d5 2. exd5 Qxd5 3. Nc3 Qd8 4. d4 Nf6 5. Nf3 Bg4 6. h3 Bxf3 7. Qxf3 c6 8.
Be3 e6 9. O-O-O Bb4 10. Ne4 Nxe4 11. Qxe4 Qd5 12. Qxd5 cxd5 13. c4 dxc4 14. d5
Nd7 15. dxe6 fxe6 16. Kb1 Rc8 17. a3 Be7 18. Be2 a6 19. Bh5+ g6 20. Bg4 Nc5 21.
Bxc5 Rxc5 22. Bxe6 Rc7 23. Rhe1 Rf8 24. f3 Rf4 25. Kc2 Kf8 26. Rd5 Rf6 27. a4
Rc6 28. Rde5 Bd6 29. R5e4 b5 30. axb5 axb5 31. Ra1 Rf4 32. Re2 b4 33. Rd1 b3+
34. Kb1 Be7 35. Rde1 Bf6 36. Bd5 Rc5 37. Be4 c3 38. bxc3 Bxc3 39. Rc1 Rf7 40.
Re3 Rfc7 41. Rd3 b2 42. Rc2 Bf6 43. Ra3 Rxc2 44. Bxc2 Re7 45. Be4 Rd7 46. Ka2
Rd1 47. Bb1 Rh1 48. f4 Rf1 49. Ra4 h5 50. g4 hxg4 51. hxg4 Rg1 52. g5 Bg7 53.
Ra8+ Ke7 54. Ra6 Rf1 55. Rxg6 Bd4 56. f5 Rg1 57. Re6+ Kd7 58. Re4 Bc3 59. Re3
Bh8 60. Rd3+ Ke8 61. Ra3 Bd4 62. Ra4 Bc3 63. Rc4 Bd2 64. g6 Bh6 65. f6 Kd7 66.
Rh4 Bg5 67. f7 Be7 68. Rh8 1-0